000 00289nam a2200121Ia 4500
005 20251222175935.0
008 251222s9999||||xx |||||||||||||| ||spa||
020 _a8489328811
082 _a657.45/L87
100 _aLópez Casuso, Agustín
245 0 _aNormas de Auditoría:
942 _cLIB
999 _c41172
_d41172